Ζητήματα θεωρίας του ιμπεριαλισμού

Αποθηκεύτηκε σε:
Λεπτομέρειες βιβλιογραφικής εγγραφής
Κύριος συγγραφέας: Παλαιός, Α. Β.
Μορφή: Βιβλίο
Γλώσσα:Greek
Δημοσίευση: Αθήνα : Οδυσσέας, c1987.
Θέματα:
Ετικέτες: Προσθήκη ετικέτας
Δεν υπάρχουν, Καταχωρήστε ετικέτα πρώτοι!

MARC

LEADER 00000cam a2200000 a 4500
001 1/123180
008 210611s1987####gr | ||| |||| ||gre||
040 |a GR-MyUa  |b gre  |c GR-MyUa  |e AACR2 
041 0 |a gre 
082 7 |a 325.32   |2 (23) 
100 1 |a Παλαιός, Α. Β. 
245 1 0 |a Ζητήματα θεωρίας του ιμπεριαλισμού /   |c Α.Β. Παλαιός. 
260 |a Αθήνα :   |b Οδυσσέας,   |c c1987. 
300 |a 365 σ. ;   |c 21 εκ. 
504 |a Περιλαμβάνει βιβλιογραφικές παραπομπές: σ. 313-361. 
650 0 |a Imperialism 
852 |a INST  |b SYROS  |e 20210611  |h 325.32 ΠΑΛ  |p 005500014204  |q 005500014204  |t BK  |y 0 
970 |a Κοντού  |b Παρασκευή  |z 11/06/2021